| 000 | 00478nam a22001697a 4500 | ||
|---|---|---|---|
| 020 | _a978-93-82116-69-1 | ||
| 082 |
_a8948123 _bEMM/ |
||
| 100 | _aGEORGE IMMATTY | ||
| 245 | _aTHENALIRAMAN KADHAKAL | ||
| 246 | _aTHENALI RAMAN WITH THE THIEVES | ||
| 250 | _aTWENTY FIVE | ||
| 260 |
_aTHRISSUR _bH&C PUBLISHING HOUSE _c2012 |
||
| 300 | _a96 | ||
| 520 | _aSHORT STORY REGARDING IMPROVE CONFIDENCE LEVEL & PERSONALITY FOR CHILDREN | ||
| 650 |
_aSHORT STORY _zKERALA |
||
| 942 | _cBK | ||
| 999 |
_c1089 _d1089 |
||